<?xml version="1.0" encoding="UTF-8"?>
<collection xmlns="http://www.loc.gov/MARC21/slim">
 <record>
  <leader>02675nam a2200433 a 4500</leader>
  <controlfield tag="001">1/47933</controlfield>
  <controlfield tag="008">181016s2017    gr        b   00110 gre  </controlfield>
  <datafield tag="020" ind1=" " ind2=" ">
   <subfield code="a">9789963274079</subfield>
  </datafield>
  <datafield tag="035" ind1=" " ind2=" ">
   <subfield code="l">50928</subfield>
  </datafield>
  <datafield tag="040" ind1=" " ind2=" ">
   <subfield code="a">GR-PeUP</subfield>
  </datafield>
  <datafield tag="082" ind1="0" ind2="0">
   <subfield code="a">338.4΄33621 ΟΙΚ</subfield>
  </datafield>
  <datafield tag="245" ind1="0" ind2="2">
   <subfield code="a">Η οικονομική ανάλυση στη φροντίδα υγείας /</subfield>
   <subfield code="c">Stephen Morris, Nancy Devlin, David Parkin, Anne Spencer ;επιστ. επιμ. Κώστας Αθανασάκης, Ηλίας Κυριόπουλος ;πρόλογος και εισαγωγή της ελληνικής έκδοσης Γιάννης Κυριόπουλος, Ελπίδα Πάβη ;μετάφραση Ολυμπία Καρδαλά, Ειρήνη Κωνσταντίνου.</subfield>
  </datafield>
  <datafield tag="260" ind1="0" ind2=" ">
   <subfield code="a">Nicosia, Cyprus :</subfield>
   <subfield code="b">Broken Hill,</subfield>
   <subfield code="c">2017.</subfield>
  </datafield>
  <datafield tag="300" ind1=" " ind2=" ">
   <subfield code="a">533 σ. :</subfield>
   <subfield code="b">εικ., διαγρ., πίν. ;</subfield>
   <subfield code="c">30 εκ.</subfield>
  </datafield>
  <datafield tag="500" ind1=" " ind2=" ">
   <subfield code="a">Τίτλος πρωτοτύπου: Economic analysis in health care.</subfield>
  </datafield>
  <datafield tag="504" ind1=" " ind2=" ">
   <subfield code="a">Περιέχει βιβλιογραφία και ευρετήριο.</subfield>
  </datafield>
  <datafield tag="650" ind1=" " ind2="4">
   <subfield code="a">Medical care</subfield>
   <subfield code="x">Case studies.</subfield>
  </datafield>
  <datafield tag="650" ind1=" " ind2="4">
   <subfield code="a">Medical care</subfield>
   <subfield code="x">Finance</subfield>
   <subfield code="x">Case studies.</subfield>
  </datafield>
  <datafield tag="650" ind1=" " ind2="4">
   <subfield code="a">Medical care</subfield>
   <subfield code="x">Finance</subfield>
   <subfield code="x">Cross-cultural studies.</subfield>
  </datafield>
  <datafield tag="650" ind1=" " ind2="4">
   <subfield code="a">Delivery of Health Care</subfield>
   <subfield code="x">Economics.</subfield>
  </datafield>
  <datafield tag="650" ind1=" " ind2="4">
   <subfield code="a">Costs and Cost Analysis.</subfield>
  </datafield>
  <datafield tag="650" ind1=" " ind2="4">
   <subfield code="a">Ιατρική φροντίδα</subfield>
   <subfield code="x">Μελέτες περιπτώσεων.</subfield>
  </datafield>
  <datafield tag="650" ind1=" " ind2="4">
   <subfield code="a">Ιατρική περίθαλψη</subfield>
   <subfield code="x">Μελέτες χρηματοδότησης-περιπτώσεων.</subfield>
  </datafield>
  <datafield tag="650" ind1=" " ind2="4">
   <subfield code="a">Ιατρική φροντίδα</subfield>
   <subfield code="x">Οικονομικά</subfield>
   <subfield code="x">Διαπολιτισμικές μελέτες.</subfield>
  </datafield>
  <datafield tag="650" ind1=" " ind2="4">
   <subfield code="a">Παροχή Υπηρεσιών Υγείας</subfield>
   <subfield code="x">Οικονομία.</subfield>
  </datafield>
  <datafield tag="650" ind1=" " ind2="4">
   <subfield code="a">Ανάλυση κόστους και κόστους.</subfield>
  </datafield>
  <datafield tag="700" ind1="1" ind2=" ">
   <subfield code="a">Devlin, N. J. (Nancy J.)</subfield>
  </datafield>
  <datafield tag="700" ind1="1" ind2=" ">
   <subfield code="a">Parkin, David.</subfield>
  </datafield>
  <datafield tag="700" ind1="1" ind2=" ">
   <subfield code="a">Morris, Stephen.</subfield>
  </datafield>
  <datafield tag="700" ind1="1" ind2=" ">
   <subfield code="a">Spencer, Anne.</subfield>
  </datafield>
  <datafield tag="700" ind1="1" ind2=" ">
   <subfield code="a">Αθανασάκης, Κώστας.</subfield>
  </datafield>
  <datafield tag="700" ind1="1" ind2=" ">
   <subfield code="a">Κυριόπουλος, Ηλίας.</subfield>
  </datafield>
  <datafield tag="700" ind1="1" ind2=" ">
   <subfield code="a">Κυριόπουλος, Γιάννης.</subfield>
  </datafield>
  <datafield tag="700" ind1="1" ind2=" ">
   <subfield code="a">Πάβη, Ελπίδα.</subfield>
  </datafield>
  <datafield tag="852" ind1=" " ind2=" ">
   <subfield code="a">INST</subfield>
   <subfield code="b">UNIPILB</subfield>
   <subfield code="c">EUDOXOS</subfield>
   <subfield code="e">20181016</subfield>
   <subfield code="h">338.4΄33621 ΟΙΚ</subfield>
   <subfield code="p">00179860</subfield>
   <subfield code="q">00179860</subfield>
   <subfield code="t">EUDOX</subfield>
   <subfield code="y">0</subfield>
   <subfield code="4">1</subfield>
  </datafield>
  <datafield tag="852" ind1=" " ind2=" ">
   <subfield code="a">INST</subfield>
   <subfield code="b">UNIPILB</subfield>
   <subfield code="c">EUDOXOS</subfield>
   <subfield code="e">20181017</subfield>
   <subfield code="h">338.4΄33621 ΟΙΚ</subfield>
   <subfield code="p">00179861</subfield>
   <subfield code="q">00179861</subfield>
   <subfield code="t">EUDOX</subfield>
   <subfield code="y">0</subfield>
   <subfield code="4">1</subfield>
  </datafield>
  <datafield tag="852" ind1=" " ind2=" ">
   <subfield code="a">INST</subfield>
   <subfield code="b">UNIPILB</subfield>
   <subfield code="c">EUDOXOS</subfield>
   <subfield code="e">20181017</subfield>
   <subfield code="h">338.4΄33621 ΟΙΚ</subfield>
   <subfield code="p">00179862</subfield>
   <subfield code="q">00179862</subfield>
   <subfield code="t">EUDOX</subfield>
   <subfield code="y">0</subfield>
   <subfield code="4">3</subfield>
  </datafield>
  <datafield tag="852" ind1=" " ind2=" ">
   <subfield code="a">INST</subfield>
   <subfield code="b">UNIPILB</subfield>
   <subfield code="c">EUDOXOS</subfield>
   <subfield code="e">20181017</subfield>
   <subfield code="h">338.4΄33621 ΟΙΚ</subfield>
   <subfield code="p">00179863</subfield>
   <subfield code="q">00179863</subfield>
   <subfield code="t">EUDOX</subfield>
   <subfield code="y">0</subfield>
   <subfield code="4">4</subfield>
  </datafield>
  <datafield tag="852" ind1=" " ind2=" ">
   <subfield code="a">INST</subfield>
   <subfield code="b">UNIPILB</subfield>
   <subfield code="c">EUDOXOS</subfield>
   <subfield code="e">20181017</subfield>
   <subfield code="h">338.4΄33621 ΟΙΚ</subfield>
   <subfield code="p">00179864</subfield>
   <subfield code="q">00179864</subfield>
   <subfield code="t">EUDOX</subfield>
   <subfield code="y">0</subfield>
   <subfield code="4">5</subfield>
  </datafield>
 </record>
</collection>
